000 00272nam a2200109Ia 4500
008 200302s9999 xx 000 0 und d
100 _aJohn Morris Dixon FAIA
245 _aUrban Spaces No 5
260 _bVisual Reference Publications Inc.,
260 _c2007
300 _a303
999 _c5820
_d5820